[Event "Oz.com qual blitz"]
[Site "ICC INT"]
[Date "2000.03.05"]
[Round "4"]
[White "Olcayoz, Alper"]
[Black "Green, Golan"]
[Result "1/2-1/2"]
[WhiteElo "2339"]
[BlackElo "2172"]
[PlyCount "241"]
[EventDate "2000.03.05"]
[EventType "swiss (blitz)"]
[EventRounds "9"]
[EventCountry "USA"]
[SourceTitle "EXT 2001"]
[Source "ChessBase"]
[SourceDate "2000.11.22"]
[SourceVersion "1"]
[SourceVersionDate "2000.11.22"]
[SourceQuality "1"]

1. d4 e6 2. Nf3 Nf6 3. c4 Bb4+ 4. Bd2 c5 5. Bxb4 cxb4 6. g3 0-0 7. Bg2 d6 8. 0-0 Qe7 9. Nbd2 e5 10. c5 e4 11. cxd6 Qxd6 12. Nc4 Qd5 13. Nfe5 Nbd7 14. Ne3 Qb5 15. N5c4 Nb6 16. Nd6 Qd7 17. Nxe4 Nxe4 18. Bxe4 Rd8 19. d5 Qe7 20. Qd3 h6 21. Rfd1 Qe5 22. b3 Bh3 23. Rac1 Nd7 24. Bf5 Bxf5 25. Qxf5 Qb2 26. Rc2 Qa3 27. Nc4 Qa6 28. e4 Nf6 29. Rcd2 Qb5 30. e5 Ne8 31. Qe4 Rac8 32. h4 Qd7 33. e6 fxe6 34. dxe6 Qe7 35. Qe5 Rxd2 36. Rxd2 Nf6 37. Re2 Rc6 38. Qb8+ Kh7 39. Qxa7 Rxe6 40. Rxe6 Qxe6 41. Qxb7 Qe1+ 42. Kg2 Ne4 43. Qb6 Qe2 44. Qe3 Qxe3 45. Nxe3 Nc3 46. f4 Nxa2 47. Nc2 h5 48. Kf3 Kg6 49. g4 hxg4+ 50. Kxg4 Nc1 51. Nd4 Nd3 52. h5+ Kf6 53. Kf3 Nc5 54. Ke3 Kf7 55. Kf3 Kg8 56. Kg4 Kh7 57. Kg5 Ne4+ 58. Kf5 Ng3+ 59. Ke5 Nxh5 60. Nc2 Nf6 61. Nxb4 Nd7+ 62. Kd4 Kg6 63. Nd5 Kf5 64. b4 g5 65. fxg5 Kxg5 66. Nc3 Kf6 67. Kd5 Ke7 68. b5 Kd8 69. Kc6 Kc8 70. Nd5 Ne5+ 71. Kd6 Nc4+ 72. Kc5 Ne5 73. Ne7+ Kb7 74. Nf5 Nd7+ 75. Kb4 Nf6 76. Nd6+ Kc7 77. Nc4 Kb7 78. Ka5 Nd7 79. Nd6+ Kc7 80. Nf7 Kb7 81. Nd8+ Kc7 82. Ne6+ Kb7 83. Kb4 Kb6 84. Nf4 Kb7 85. Nd5 Nb6 86. Ne7 Nd7 87. Ka5 Nb6 88. Nc6 Nd7 89. Kb4 Kb6 90. Na5 Kc7 91. Nc4 Kb7 92. Ka5 Ka7 93. Nd6 Nb6 94. Kb4 Nd7 95. Kc4 Kb6 96. Kb4 Ka7 97. Nc4 Nb6 98. Na5 Nd7 99. Kc4 Kb6 100. Kb4 Ka7 101. Nc4 Kb7 102. Ne3 Kb6 103. Nd5+ Kb7 104. Nc3 Kb6 105. Na4+ Ka7 106. Ka5 Kb7 107. Nb2 Nb6 108. Nd3 Nc4+ 109. Kb4 Nb6 110. Ne5 Kc7 111. Ka5 Kb7 112. Nf7 Nc4+ 113. Kb4 Nb6 114. Nd6+ Kc7 115. Ka5 Nd7 116. Ne8+ Kb7 117. Nd6+ Ka7 118. Nc4 Kb7 119. Nd6+ Ka7 120. Nc4 Kb7 121. Kb4 1/2-1/2